Online Catalogue and eLibrary

Britain, World War 2 & the Sama Samajists : (Record no. 490)

MARC details
000 -LEADER
fixed length control field 00820cam a2200181 a 4500
001 - CONTROL NUMBER
control field 3067335
005 - DATE AND TIME OF LATEST TRANSACTION
control field 20240226061555.0
008 - FIXED-LENGTH DATA ELEMENTS--GENERAL INFORMATION
fixed length control field 960614s1996 ce 000 0 eng
020 ## - INTERNATIONAL STANDARD BOOK NUMBER
ISBN 9559528440
040 ## - CATALOGING SOURCE (பட்டியலாக்க மூலம்)
Original cataloging agency DLC
Transcribing agency DLC
Modifying agency DLC
082 00 - DDC Classification
Class No. 322.4.
DDC Edition Number 21
Item Number - Author Mark BRI.
245 00 - TITLE STATEMENT
Title Britain, World War 2 & the Sama Samajists :
Remainder of title a study of the documents contained in the secret files maintained by the Public Record Office, London /
Statement of responsibility, etc. edited by Wesley S. Muthiah and Sydney Wanasinghe.
260 ## - PUBLICATION, DISTRIBUTION, ETC.
Place of publication, distribution, etc. Colombo :
Name of publisher, distributor, etc. Young Socialist Publication,
Date of publication, distribution, etc. 1996.
300 ## - PHYSICAL DESCRIPTION
Extent (e.g. Volumes, Pages etc.) 259 p. ;
500 ## - GENERAL NOTE
General note "These papers reveal how in 1940-42 the British imperial government persecuted, suppressed, and incarcerated the leaders of the Lanka Sama Samaja Party, because of their opposition to the War"--Cover.
650 #0 - SUBJECT ADDED ENTRY--TOPICAL TERM
Topical term or geographic name entry element World War, 1939-1945
942 ## - Koha item type (Biblio)
Koha item type Books in Stacks (Lending)
Holdings
Lost status Damaged status Collection code Home library Current library Date acquired Full call number Accession Number Item type
    Lending WERC Library WERC Library 02/26/2024 322.4. BRI. 5366 Books in Stacks (Lending)

© WERC Library